Qhapaq Negro Paucartambo, Nuestra Historia / (Record no. 23313)

000 -CABECERA
fixed length control field 01627nam a22002777i 4500
003 - IDENTIFICADOR DEL NÚMERO DE CONTROL
control field AR-CdUCM
008 - DATOS DE LONGITUD FIJA--INFORMACIÓN GENERAL
fixed length control field 250715b20222022 pe||||| |||| 00| 0 spa d
040 ## - FUENTE DE LA CATALOGACIÓN
Agencia/entidad que catalogó originalmente la obra MUNICIPALIDAD PROVINCIAL DEL CUSCO
Entidad que transcribió la catalogación BIBLIOTECA MUNICIPAL DEL CUSCO
082 ## - NÚMERO DE LA CLASIFICACIÓN DECIMAL DEWEY
No. de Clasificación 793.31613 / Q
Notacion interna Q
110 ## - ENTRADA PRINCIPAL--NOMBRE DE ENTIDAD CORPORATIVA
Nombre de la institución, jurisdicción como entrada principal Cuadrilla Mayor Qhapaq Negro de Paucartambo
9 (RLIN) 51213
245 ## - MENCIÓN DE TÍTULO
Título Qhapaq Negro Paucartambo, Nuestra Historia /
260 ## - PUBLICACIÓN, DISTRIBUCIÓN, ETC.
Lugar de publicación, distribución, etc. Wanchaq-Cusco :
Nombre de la editorial, distribuidor, etc. Editorial Aguirre EIRL
Fecha de publicación, distribución, etc. 2022
300 ## - DESCRIPCIÓN FÍSICA
Nº de Páginas Extensión 225 páginas. :
Otros detalles físicos Ilustraciones
Dimensiones 30x23 cm.
505 ## - NOTA DE CONTENIDO CON FORMATO
Nota de contenido formateada Antecedentes del Qhapaq Negro -- Aporte Religioso, Cultural y artístico -- Festividad de la virgen del -- Danzas y Cuadrillas en la Festividad
650 ## - PUNTO DE ACCESO ADICIONAL DE MATERIA--TÉRMINO DE MATERIA
Descriptor Festividad
9 (RLIN) 34597
650 ## - PUNTO DE ACCESO ADICIONAL DE MATERIA--TÉRMINO DE MATERIA
Descriptor Virgen del Carmen
9 (RLIN) 7843
650 ## - PUNTO DE ACCESO ADICIONAL DE MATERIA--TÉRMINO DE MATERIA
Descriptor Qhapaq Negro
9 (RLIN) 51215
710 ## - PUNTO DE ACCESO ADICIONAL--NOMBRE DE ENTIDAD CORPORATIVA
Nombre corporativo (En letras Mayúsculas) Textos : Alarcón Urrutia, Richard Daniel
9 (RLIN) 51216
710 ## - PUNTO DE ACCESO ADICIONAL--NOMBRE DE ENTIDAD CORPORATIVA
Nombre corporativo (En letras Mayúsculas) Nuñez del Prado, Jorge
9 (RLIN) 51331
710 ## - PUNTO DE ACCESO ADICIONAL--NOMBRE DE ENTIDAD CORPORATIVA
Nombre corporativo (En letras Mayúsculas) Rubio Zapata, Miguel
9 (RLIN) 51218
710 ## - PUNTO DE ACCESO ADICIONAL--NOMBRE DE ENTIDAD CORPORATIVA
Nombre corporativo (En letras Mayúsculas) Tuesta Altamirano, Sonaly
9 (RLIN) 51219
710 ## - PUNTO DE ACCESO ADICIONAL--NOMBRE DE ENTIDAD CORPORATIVA
Nombre corporativo (En letras Mayúsculas) Velasquez Bernal, Renzo
9 (RLIN) 51220
942 ## - ELEMENTOS DE PUNTO DE ACCESO ADICIONAL (KOHA)
Fuente de clasificación
Tipo de item Libros-BMC
945 ## - PROCESAMIENTO DE INFORMACIÓN LOCAL (OCLC)
Catalogador pbjr
AAAA-MM-DD - Fecha de ingreso o modificacion 08-15-2025
Holdings
Estado de retiro (separado) Fuente de clasificación o esquema de estanterías Estado dañado Ubicación Sala donde se ubica Nombre de la colección Fecha de adquisición o compra Fuente de adquisición Costo, precio normal en soles Signatura topográfica Código de Barras Última vez visto (Koha) Tipo de ítem (Koha)
No     Sala Artes Sala Artes Book Cart 2025-07-15 Donación 50.00 793.31613 / Q SA0000000780 2025-07-15 Libros-BMC

Powered by Koha